01330nam a2200313Ia 4500001001200000003000800012006001900020007001500039008004100054020002600095020002500121040002100146035002100167050002300188245012900211260005200340300001700392490005000409504005100459533015200510650003100662650004700693655002900740700002700769700002600796710001700822830005100839856012600890ebr10369545CaPaEBRm u cr cn|||||||||070522s2007 enk sb 101 0 eng d z9781846310195 (cased) z9781846310201 (pbk.) aCaPaEBRcCaPaEBR a(OCoLC)27742444014aHM831b.V37 2007eb00aVarieties of world-makingh[electronic resource] :bbeyond globalization /cedited by Nathalie Karagiannis and Peter Wagner. aLiverpool :bLiverpool University Press,c2007. aviii, 304 p.1 aStudies in social and political thought ;v14 aIncludes bibliographical references and index. aElectronic reproduction.bPalo Alto, Calif. :cebrary,d2011.nAvailable via World Wide Web.nAccess may be limited to ebrary affiliated libraries. 0aSocial changevCongresses. 0aGlobalizationxSocial aspectsvCongresses. 7aElectronic books.2local1 aKaragiannis, Nathalie.1 aWagner, Peter,d1956-2 aebrary, Inc. 0aStudies in social and political thought ;v14.40uhttp://site.ebrary.com/lib/rucke/Doc?id=10369545zAn electronic book accessible through the World Wide Web; click to view